00635nam a22002177a 450000500170000001000130001702000230003003500130005303700160006604000120008208200160009410000240011024500600013424600060019426000300020027000380023030000200026850000190028865000600030765000500036720170124110006.0 aA-806262 c250.00a8121405793 aA-806262 bCen Lib/Ret aDPLbEN a328.36bKAS aKashyap, Subhash C. aLegislative management studies /cby Subhash C. Kashyap b  bNationalc1995aNew Delhi a23, Darya GanjbNew Delhie110002 a267p.c22cm(Hb) aIncludes index aLegislative bodies -- India -- Officials and employees. aLegislative bodies -- Officials and employees